Internet toàn tập: Hướng dẫn - Thao tác và ứng dụng thực tế ( Cẩm nang sử dụng internet )

Guardat en:
Dades bibliogràfiques
Autor principal: Patrick Vincent
Format: Llibre
Idioma:Undetermined
Publicat: Trẻ 2001
Etiquetes: Afegir etiqueta
Sense etiquetes, Sigues el primer a etiquetar aquest registre!
Thư viện lưu trữ: Trung tâm Học liệu Trường Đại học Cần Thơ
LEADER 00552nam a2200157Ia 4500
001 CTU_48411
008 210402s9999 xx 000 0 und d
082 |a 004.678 
082 |b V768 
100 |a Patrick Vincent 
245 0 |a Internet toàn tập: 
245 0 |b Hướng dẫn - Thao tác và ứng dụng thực tế ( Cẩm nang sử dụng internet ) 
245 0 |c Patrick Vincent; Đoàn Công Hùng ... [et al.] biên dịch 
260 |b Trẻ 
260 |c 2001 
980 |a Trung tâm Học liệu Trường Đại học Cần Thơ